000 00573nam a2200181Ia 4500
003 GCL
005 20240530110922.0
008 140319s9999 xx 000 0 ara d
040 _aGCL /
_cGCL
082 0 4 _a272.5
_bد ت
110 0 _aدار الثقافة،
245 1 0 _aتفسير العهد الجديد فى مجلد واحد /
_cدار الثقافة
260 _aالقاهرة :
_bدار الثقافة،
_c1988
300 _a677 ص. ؛
_c24 سم
490 _aتفسير العهد الجديد
_v0
650 0 4 _aالعهد الجديد
942 _2ddc
_cBK
999 _c66503
_d66503